| 000 | 00665nam a2200217 i 4500 | ||
|---|---|---|---|
| 001 | 87891 | ||
| 003 | ES-MaACL | ||
| 005 | 20250815062534.0 | ||
| 007 | t| | ||
| 008 | 041227s1977 sp ||||1| spa d | ||
| 100 | 1 |
_aLacoste, Yves. _969394 |
|
| 245 | 1 | 3 |
_aLa geografía _b: un arma para la guerra / _cYves Lacoste ; [traducción, Joaquín Jordá]. |
| 260 |
_aBarcelona : _bAnagrama, _c[1977] |
||
| 300 |
_a156 p. ; _c20 cm. |
||
| 490 | 1 |
_aElementos Críticos ; _v9 |
|
| 650 | 0 | 7 |
_aGeografía _2embne _913070 |
| 700 | 0 |
_aJordá, Joaquín. _966895 |
|
| 830 | 0 |
_aElementos Críticos ; _v9 _9180219 |
|
| 852 |
_aES-MaACL _jA-8078 _bR.97076 |
||
| 999 |
_c87891 _d87891 |
||